[Event "Sitges Sunway op-A 11th"]
[Site "Sitges"]
[Date "2024.12.19"]
[Round "7"]
[White "Kumar, Sanjit S"]
[Black "Kong, Lingzhijie"]
[Result "1-0"]
[WhiteElo "2034"]
[BlackElo "1816"]
[PlyCount "89"]
[EventDate "2024.12.12"]
[EventType "swiss"]
[EventRounds "10"]
[EventCountry "ESP"]
[SourceTitle "CB52_2024"]
[SourceDate "2024.12.25"]
[SourceVersion "1"]
[SourceVersionDate "2024.12.25"]
[SourceQuality "1"]

1. d4 Nf6 2. c4 g6 3. Nc3 d5 4. Nf3 Bg7 5. Qb3 dxc4 6. Qxc4 0-0 7. e4 Na6 8. Be2 c5 9. d5 e6 10. 0-0 exd5 11. exd5 Nb4 12. Rd1 Nc2 13. Rb1 Nd4 14. Nxd4 cxd4 15. Qxd4 Bf5 16. Bd3 Ng4 17. Qf4 Be5 18. Qf3 Bxh2+ 19. Kf1 Be5 20. Bf4 Bxd3+ 21. Rxd3 Qh4 22. Kg1 Nh2 23. Qg3 Qxf4 24. Qxf4 Bxf4 25. g3 Ng4 26. gxf4 Nf6 27. d6 Rad8 28. Rbd1 Rd7 29. Nb5 a6 30. Na3 b5 31. Rc1 b4 32. Nc4 Rc8 33. b3 Ne4 34. Re1 Nc5 35. Rd5 Rc6 36. Ne5 Rdxd6 37. Nxc6 Rxc6 38. Rc1 Nd3 39. Rxc6 Nxf4 40. Rd8+ Kg7 41. Rxa6 h5 42. Rd7 h4 43. Raa7 h3 44. Rxf7+ Kh6 45. Rxf4 1-0

[Event "San Cristobal de La Laguna rapid op"]
[Site "San Cristobal de La Laguna"]
[Date "2024.08.31"]
[Round "5"]
[White "Perez Perez, Alejandro"]
[Black "Kong, Lingzhijie"]
[Result "1-0"]
[WhiteElo "1927"]
[BlackElo "1747"]
[PlyCount "49"]
[EventDate "2024.08.31"]
[EventType "swiss"]
[EventRounds "9"]
[EventCountry "ESP"]
[SourceTitle "EXT 2025"]
[Source "ChessBase"]
[SourceDate "2024.10.14"]
[SourceVersion "1"]
[SourceVersionDate "2024.10.14"]
[SourceQuality "1"]

1. d4 d6 2. c4 e5 3. d5 f5 4. e4 fxe4 5. f3 exf3 6. Nxf3 Nf6 7. Nc3 g6 8. Bg5 Bg7 9. Bd3 0-0 10. 0-0 Qe8 11. Qd2 e4 12. Rae1 Bg4 13. Nxe4 Nxe4 14. Rxe4 Qc8 15. Re7 Bxf3 16. gxf3 Bd4+ 17. Kh1 Re8 18. Rfe1 Rxe7 19. Rxe7 Qf8 20. Qe2 Na6 21. Qe6+ Kh8 22. Rf7 Qe8 23. Bf6+ Kg8 24. Rg7+ Kf8 25. Rg8# 1-0

[Event "ESP-ch U10"]
[Site "Salobrena"]
[Date "2024.07.01"]
[Round "1"]
[White "Espinar Navarro, Laura"]
[Black "Kong, Lingzhijie"]
[Result "0-1"]
[WhiteElo "1468"]
[BlackElo "1786"]
[PlyCount "36"]
[EventDate "2024.07.01"]
[EventType "swiss"]
[EventRounds "9"]
[EventCountry "ESP"]
[SourceTitle "EXT 2025"]
[Source "ChessBase"]
[SourceDate "2024.10.14"]
[SourceVersion "1"]
[SourceVersionDate "2024.10.14"]
[SourceQuality "1"]

1. e4 d6 2. d4 Nf6 3. f3 g6 4. Be3 Bg7 5. Nc3 c6 6. Nge2 e5 7. Qd2 Nbd7 8. 0-0-0 Qa5 9. h4 b5 10. dxe5 dxe5 11. f4 b4 12. Nb1 Nxe4 13. Qd3 Nec5 14. Bxc5 Nxc5 15. Qd6 Bd7 16. fxe5 Bh6+ 17. Nd2 Qxa2 18. c3 b3 0-1